Footballeurs espagnols (par images) - Statistiques

Statistiques générales
  • Ce quiz a été pris 467 fois
  • Le résultat moyen est 14 sur 20
Statistiques - réponses
Par images Réponse % Correct
Andrés Iniesta
100%
Sergio Ramos
100%
Xavi
98%
Carles Puyol
95%
Iker Casillas
95%
Sergio Busquets
93%
Fernando Torres
91%
Xabi Alonso
91%
David Villa
86%
Raúl
77%
Cesc Fàbregas
75%
David Silva
72%
Juan Mata
65%
Alfredo Di Stéfano
59%
Fernando Hierro
55%
Emilio Butragueño
43%
Fernando Morientes
32%
Luis Suárez
16%
Andoni Zubizarreta
14%
Paco Gento
7%
Aucun quiz correspondant
Distribution des résultats
% des personnes avec chaque résultat
Percentile par nombre de réponses
Votre historique - résultats
Vous n’avez pas pris ce quiz